000 00646nam a2200229Ia 4500
003 OSt
005 20220923230804.0
006 a|||||r|||| 00| 0
007 ta
008 Pun
024 _a305,532
037 _cTextual
040 _aARTS
_cARTS
_bPun
041 _2Pun
_aPun
082 _aQ8441:21:g, 153M9
100 _aਬੱਦਲ, ਬਲਦੇਵ ਸਿੰਘ
_9156315
245 0 _aਗੁਰਬਾਣੀ ਵਿਚਾਰਧਾਰਾਣੀ ਪਰਿਪੇਖ
260 _c1989
650 _aਧਰਮ
942 _hQ8441:21:g, 153M9
_cTEXL
_2CC
999 _c387324
_d387324